Statistics for Lemon Tree - Lyrics (Fool’s Garden)

Click here to take the quiz!

General Stats

  • This quiz has been taken 59 times
  • The average score is 253 of 304

Answer Stats

Answer% Correct
I
100%
a
98%
and
96%
And
96%
to
96%
wonder
96%
Dah
94%
I’m
94%
in
94%
lemon
94%
me
94%
my
94%
the
94%
tree
94%
you
94%
blue
92%
do
92%
just
92%
sky
92%
another
90%
But
90%
can
90%
how
90%
is
90%
not
90%
sit
90%
told
90%
all
88%
happen
88%
here
88%
nothing
88%
room
88%
see
88%
sitting
88%
that
88%
why
88%
Yesterday
88%
around
86%
‘bout
86%
ever
86%
for
86%
afternoon
84%
go
84%
It’s
84%
yellow
84%
waiting
82%
boring
80%
car
80%
driving
80%
fast
80%
happens
80%
like
80%
of
80%
point
80%
too
80%
view
80%
change
78%
far
78%
so
78%
feel
76%
got
76%
head
76%
I’d
76%
lonely
76%
rainy
76%
Sunday
75%
turning
73%
up
73%
down
71%
I’ve
71%
time
71%
wasting
71%
on
65%
hanging
63%
Isolation
63%
good
61%
out
59%
taking
59%
don’t
57%
want
57%
inside
55%
shower
53%
tired
53%
bed
51%
miss
51%
cloud
47%
everything
47%
there’s
47%
will
47%
joy
45%
heavy
43%
desert
41%
power
41%
Sing!
41%
into
39%
myself
39%
put
39%
Well
39%
get
37%
I’ll
35%
toy
33%
you’ll
29%
stepping
27%
anyhow
25%
Maybe
25%
DiRaDa
22%
DaRaRaRa
16%
DapDimDiRa
12%
(dit dit dit)
12%

Score Distribution

Percentile by Number Answered

Percent of People with Each Score

Your Score History

You have not taken this quiz